[Event "Speed Chess GP4"]
[Site "Chess.com INT"]
[Date "2021.10.09"]
[Round "1"]
[White "Dombai, Istvan"]
[Black "Hess, Robert L"]
[Result "0-1"]
[WhiteElo "2170"]
[BlackElo "2591"]
[PlyCount "66"]
[EventDate "2021.10.09"]
[EventType "swiss (blitz)"]
[EventRounds "10"]
[EventCountry "USA"]
[SourceTitle "CBM 204 Extra"]
[Source "ChessBase"]
[SourceDate "2021.11.30"]
[SourceVersion "1"]
[SourceVersionDate "2021.11.30"]
[SourceQuality "1"]

1. d4 g6 2. Nf3 Bg7 3. c4 d6 4. Nc3 c5 5. d5 Bxc3+ 6. bxc3 f5 7. g3 Qa5 8. Qc2 Nf6 9. Nd2 Nbd7 10. Bg2 Nb6 11. 0-0 Bd7 12. e4 Qa4 13. Qd3 fxe4 14. Nxe4 Nxe4 15. Qxe4 Qxc4 16. Re1 Qxe4 17. Rxe4 Nxd5 18. Bg5 h6 19. Bxe7 Nxe7 20. Rae1 Rh7 21. Rd1 Bc6 22. Re6 Bxg2 23. Kxg2 0-0-0 24. Rdxd6 Rxd6 25. Rxd6 Rf7 26. f4 Kc7 27. Re6 Kd7 28. Re5 b6 29. Kf3 Rf5 30. Re2 g5 31. Kg4 gxf4 32. Rxe7+ Kxe7 33. Kxf5 f3 0-1

[Event "HUN-chT2 Maroczy 1516"]
[Site "Hungary"]
[Date "2015.10.18"]
[Round "1.2"]
[White "Korpa, Bence"]
[Black "Dombai, Istvan"]
[Result "1-0"]
[WhiteElo "2451"]
[BlackElo "2213"]
[PlyCount "63"]
[EventDate "2015.10.18"]
[EventType "team-tourn"]
[EventRounds "9"]
[EventCountry "HUN"]
[SourceTitle "CBM 170 Extra"]
[Source "ChessBase"]
[SourceDate "2016.02.25"]
[SourceVersion "1"]
[SourceVersionDate "2016.02.25"]
[SourceQuality "1"]
[WhiteTeam "DVTK EMSE"]
[BlackTeam "Szigetszentmiklos"]
[WhiteTeamCountry "HUN"]
[BlackTeamCountry "HUN"]

1. Nf3 Nf6 2. c4 g6 3. g3 Bg7 4. Bg2 0-0 5. d4 d6 6. 0-0 Nbd7 7. Nc3 a6 8. e4 c5 9. Qe2 Ng4 10. Rd1 cxd4 11. Nxd4 Nc5 12. h3 Ne5 13. Be3 Be6 14. Nxe6 Nxe6 15. f4 Nd7 16. Rac1 Bxc3 17. Rxc3 Qc7 18. Qf3 Nec5 19. b4 Na4 20. Rc2 b5 21. Rdc1 Rac8 22. Qe2 bxc4 23. Qxc4 Qxc4 24. Rxc4 Rxc4 25. Rxc4 Rb8 26. a3 Kf8 27. Rc7 Ke8 28. Ra7 Nc3 29. Rxa6 Nf6 30. e5 dxe5 31. Bc6+ Kd8 32. Ba7 1-0

[Event "HUN-chT 1415"]
[Site "Hungary"]
[Date "2015.03.22"]
[Round "8.1"]
[White "Szalai, Kornel"]
[Black "Dombai, Istvan"]
[Result "1/2-1/2"]
[WhiteElo "2388"]
[BlackElo "2225"]
[PlyCount "83"]
[EventDate "2014.10.12"]
[EventType "team-tourn"]
[EventRounds "9"]
[EventCountry "HUN"]
[SourceTitle "EXT 2016"]
[Source "ChessBase"]
[SourceDate "2015.10.08"]
[SourceVersion "1"]
[SourceVersionDate "2015.10.08"]
[SourceQuality "1"]
[WhiteTeam "Mako"]
[BlackTeam "Szigetszentmiklos"]
[WhiteTeamCountry "HUN"]
[BlackTeamCountry "HUN"]

1. c4 Nf6 2. Nc3 g6 3. g3 Bg7 4. Bg2 0-0 5. Nf3 d6 6. 0-0 Nbd7 7. d4 a6 8. e4 c5 9. dxc5 Nxc5 10. Qe2 Bg4 11. h3 Bxf3 12. Qxf3 Nfd7 13. Rd1 Rc8 14. Bf1 Ne5 15. Qe3 Ne6 16. b3 Nc6 17. Bb2 Ned4 18. Rac1 Re8 19. Rd2 Qa5 20. Rcd1 e5 21. Bd3 h5 22. Ne2 Kh7 23. Bc3 Qb6 24. Kh1 h4 25. Bxd4 exd4 26. Qg5 hxg3 27. Qxg3 Qd8 28. Kg2 Qf6 29. f4 Bh6 30. Rf1 Re7 31. Qg4 Rce8 32. Ng3 Qg7 33. Rff2 a5 34. h4 a4 35. Rd1 axb3 36. axb3 Ra8 37. h5 Nb4 38. Bb1 Ra1 39. hxg6+ fxg6 40. Rh1 d3 41. Rff1 Nc2 42. Qf3 1/2-1/2

[Event "HUN-chT 1415"]
[Site "Hungary"]
[Date "2015.03.01"]
[Round "7.1"]
[White "Horvath, David G"]
[Black "Dombai, Istvan"]
[Result "1-0"]
[WhiteElo "2362"]
[BlackElo "2225"]
[PlyCount "57"]
[EventDate "2014.10.12"]
[EventType "team-tourn"]
[EventRounds "9"]
[EventCountry "HUN"]
[SourceTitle "EXT 2016"]
[Source "ChessBase"]
[SourceDate "2015.10.08"]
[SourceVersion "1"]
[SourceVersionDate "2015.10.08"]
[SourceQuality "1"]
[WhiteTeam "Dunaharaszti"]
[BlackTeam "Szigetszentmiklos"]
[WhiteTeamCountry "HUN"]
[BlackTeamCountry "HUN"]

1. d4 Nf6 2. c4 g6 3. Nc3 Bg7 4. e4 d6 5. Nge2 0-0 6. Ng3 c5 7. d5 e6 8. Be2 exd5 9. exd5 Re8 10. 0-0 a6 11. Bf4 Qc7 12. h3 Nbd7 13. Qd2 Kh8 14. Kh1 b6 15. Rae1 Bb7 16. Bd3 b5 17. cxb5 Nxd5 18. bxa6 Bc6 19. Nxd5 Bxd5 20. Be4 Bxe4 21. Nxe4 Rxe4 22. Rxe4 Ne5 23. Ra4 Qb6 24. Rd1 Qb5 25. b3 c4 26. Bxe5 Bxe5 27. Qe2 Qb6 28. f4 Bxf4 29. Qe4 1-0

[Event "HUN-chT 1415"]
[Site "Hungary"]
[Date "2014.11.16"]
[Round "2.1"]
[White "Dombai, Istvan"]
[Black "Juhasz, Kristof"]
[Result "1/2-1/2"]
[WhiteElo "2225"]
[BlackElo "2360"]
[PlyCount "42"]
[EventDate "2014.10.12"]
[EventType "team-tourn"]
[EventRounds "9"]
[EventCountry "HUN"]
[SourceTitle "CBM 163 Extra"]
[Source "ChessBase"]
[SourceDate "2014.12.23"]
[SourceVersion "1"]
[SourceVersionDate "2014.12.23"]
[SourceQuality "1"]
[WhiteTeam "Szigetszentmiklos"]
[BlackTeam "Budapest Titanok"]
[WhiteTeamCountry "HUN"]
[BlackTeamCountry "HUN"]

1. d4 Nf6 2. Nf3 g6 3. c4 Bg7 4. Nc3 d5 5. e3 0-0 6. h3 c5 7. Bd3 cxd4 8. exd4 Nc6 9. 0-0 b6 10. Be3 Bb7 11. Rc1 Rc8 12. b3 Nb4 13. Be2 Ne4 14. a3 Nxc3 15. Rxc3 Nc6 16. c5 bxc5 17. Rxc5 Na5 18. Rxc8 Bxc8 19. Ne5 Qc7 20. Nd3 Nb7 21. Qd2 Qb6 1/2-1/2

[Event "Budapest Karacsonyi op 4th"]
[Site "Budapest"]
[Date "2012.12.30"]
[Round "6"]
[White "Marosi, Levente"]
[Black "Dombai, Istvan"]
[Result "0-1"]
[WhiteElo "2033"]
[BlackElo "2183"]
[PlyCount "72"]
[EventDate "2012.12.27"]
[EventType "swiss"]
[EventRounds "7"]
[EventCountry "HUN"]
[SourceTitle "EXT 2014"]
[Source "ChessBase"]
[SourceDate "2013.11.20"]
[SourceVersion "1"]
[SourceVersionDate "2013.11.20"]
[SourceQuality "1"]

1. e4 c5 2. Nf3 d6 3. d4 cxd4 4. Nxd4 Nf6 5. Nc3 a6 6. Bg5 e6 7. f4 Qb6 8. Qd2 Qxb2 9. Rb1 Qa3 10. f5 Nc6 11. fxe6 fxe6 12. Nxc6 bxc6 13. e5 dxe5 14. Bxf6 gxf6 15. Ne4 Be7 16. Be2 0-0 17. Rb3 Qa4 18. Rg3+ Kh8 19. Bd3 f5 20. Qh6 Rf7 21. 0-0 Bd7 22. Ng5 Bxg5 23. Qxg5 e4 24. Be2 Qd4+ 25. Kh1 Qf6 26. Qd2 e5 27. Qb4 a5 28. Qb7 Raf8 29. Bc4 Re7 30. Qc7 f4 31. Rb3 f3 32. Qxa5 Qg5 33. Rg1 Rg7 34. g3 Bh3 35. Qc5 Rd8 36. Rgb1 Qd2 0-1

[Event "Budapest Karacsonyi op 4th"]
[Site "Budapest"]
[Date "2012.12.28"]
[Round "3"]
[White "Dombai, Istvan"]
[Black "Palla, Akos Botond"]
[Result "1-0"]
[WhiteElo "2183"]
[BlackElo "1966"]
[PlyCount "55"]
[EventDate "2012.12.27"]
[EventType "swiss"]
[EventRounds "7"]
[EventCountry "HUN"]
[SourceTitle "EXT 2014"]
[Source "ChessBase"]
[SourceDate "2013.11.20"]
[SourceVersion "1"]
[SourceVersionDate "2013.11.20"]
[SourceQuality "1"]

1. d4 d5 2. Nf3 Nf6 3. e3 c5 4. c4 e6 5. Nc3 Nc6 6. Bd3 cxd4 7. exd4 Nb4 8. Be2 dxc4 9. Bxc4 Be7 10. 0-0 a6 11. a4 b6 12. Qe2 Bb7 13. Ne5 Nbd5 14. Be3 0-0 15. Rac1 Nb4 16. Rfd1 Nfd5 17. Qg4 Bf6 18. Qg3 Rc8 19. Ne4 Nxe3 20. Nxf6+ Qxf6 21. fxe3 Qe7 22. Rf1 Bd5 23. Be2 Qb7 24. Bh5 Rxc1 25. Rxc1 f6 26. Bf7+ Kh8 27. Ng6+ hxg6 28. Qh4# 1-0

[Event "HUN-chT 1112"]
[Site "Hungary"]
[Date "2011.11.13"]
[Round "3"]
[White "Nagy, Gabor"]
[Black "Dombai, Istvan"]
[Result "0-1"]
[WhiteElo "2404"]
[BlackElo "2157"]
[PlyCount "92"]
[EventDate "2011.09.25"]
[EventType "team-tourn"]
[EventRounds "11"]
[EventCountry "HUN"]
[SourceTitle "EXT 2012"]
[Source "ChessBase"]
[SourceDate "2011.11.24"]
[SourceVersion "1"]
[SourceVersionDate "2011.11.24"]
[SourceQuality "1"]
[WhiteTeam "HVSE Infraplan"]
[BlackTeam "Tatai Honved"]
[WhiteTeamCountry "HUN"]
[BlackTeamCountry "HUN"]

1. e4 e5 2. Nf3 d6 3. d4 exd4 4. Nxd4 Nf6 5. f3 Be7 6. c4 0-0 7. Nc3 c6 8. Be2 Qc7 9. Bf4 Na6 10. Qd2 Rd8 11. g4 Nc5 12. g5 Nfd7 13. 0-0-0 Ne5 14. Be3 a6 15. Nf5 Bxf5 16. exf5 b5 17. f6 Bf8 18. Bd4 Qa5 19. f4 b4 20. fxe5 dxe5 21. Nd5 Qxa2 22. Bxc5 Bxc5 23. b3 Qa1+ 24. Kc2 Qa2+ 25. Kc1 Qa1+ 26. Kc2 Qa2+ 27. Kc1 Qxb3 28. Qc2 Qxc2+ 29. Kxc2 cxd5 30. Rxd5 Rxd5 31. cxd5 a5 32. Bc4 a4 33. Re1 Bd4 34. d6 b3+ 35. Kd3 Rd8 36. Ke4 Rxd6 37. Rf1 Rb6 38. fxg7 Rb7 39. Rb1 Kxg7 40. h4 Kg6 41. Kd5 b2 42. Rf1 Kg7 43. Ba2 h6 44. gxh6+ Kxh6 45. Ke4 Rc7 46. Rf6+ Kg7 0-1

[Event "Budapest Medosz"]
[Site "Budapest"]
[Date "2010.11.02"]
[Round "8"]
[White "Zala, Gyula"]
[Black "Dombai, Istvan"]
[Result "0-1"]
[WhiteElo "2023"]
[BlackElo "2163"]
[PlyCount "98"]
[EventDate "2010.10.26"]
[EventType "tourn"]
[EventRounds "11"]
[EventCountry "HUN"]
[SourceTitle "EXT 2011"]
[Source "ChessBase"]
[SourceDate "2010.11.26"]
[SourceVersion "1"]
[SourceVersionDate "2010.11.26"]
[SourceQuality "1"]

1. e4 c5 2. a3 e6 3. b4 cxb4 4. axb4 d5 5. e5 Bxb4 6. c3 Bf8 7. d4 g6 8. Bd3 Bg7 9. Ra2 Ne7 10. f4 h5 11. Nf3 Nbc6 12. 0-0 b6 13. Na3 Na5 14. Nd2 Kf8 15. Nb3 Nec6 16. Na1 Kg8 17. g3 a6 18. h3 b5 19. N3c2 Nc4 20. Nb3 N6a5 21. Nxa5 Nxa5 22. Ne3 Nc4 23. Rg2 a5 24. Qf3 Ra6 25. g4 hxg4 26. hxg4 Qh4 27. f5 Qh3 28. fxg6 Qxf3 29. Rxf3 fxg6 30. Bxg6 Ra7 31. Rgf2 Rh4 32. Bf7+ Kh8 33. Bh5 Bh6 34. Nxc4 Bxc1 35. Nd6 Ba6 36. Rf8+ Kh7 37. R8f7+ Rxf7 38. Rxf7+ Kg8 39. Ra7 b4 40. Ne8 Be3+ 41. Kg2 Rxh5 42. gxh5 bxc3 43. Nf6+ Kf8 44. Rxa6 c2 45. Rc6 c1Q 46. Rxc1 Bxc1 47. Nd7+ Kf7 48. Nc5 Be3 49. h6 Bxd4 0-1

[Event "Budapest Medosz"]
[Site "Budapest"]
[Date "2010.10.29"]
[Round "4"]
[White "Molnar, Marton"]
[Black "Dombai, Istvan"]
[Result "1-0"]
[WhiteElo "1992"]
[BlackElo "2163"]
[PlyCount "97"]
[EventDate "2010.10.26"]
[EventType "tourn"]
[EventRounds "11"]
[EventCountry "HUN"]
[SourceTitle "EXT 2011"]
[Source "ChessBase"]
[SourceDate "2010.11.26"]
[SourceVersion "1"]
[SourceVersionDate "2010.11.26"]
[SourceQuality "1"]

1. c4 Nf6 2. Nf3 g6 3. g3 Bg7 4. Bg2 0-0 5. Nc3 d6 6. 0-0 Nbd7 7. d3 e5 8. Bg5 h6 9. Bd2 c6 10. b4 a6 11. a4 Qc7 12. Rb1 a5 13. b5 Nc5 14. Qc2 Bf5 15. Nh4 Bd7 16. e3 g5 17. d4 gxh4 18. dxc5 dxc5 19. bxc6 Bxc6 20. Nd5 Bxd5 21. cxd5 Rab8 22. gxh4 b6 23. Qf5 Qd7 24. Qxe5 Qxa4 25. e4 Rfe8 26. Qg3 Nxe4 27. Bxe4 Qxe4 28. Bf4 Rb7 29. Rbe1 Qxe1 30. Rxe1 Rxe1+ 31. Kg2 Kh8 32. Qg4 Re8 33. d6 Rd8 34. Qh5 Kh7 35. Qf5+ Kg8 36. Qd5 Rdd7 37. Qc6 f5 38. Kf3 Rf7 39. Ke2 a4 40. Qxa4 b5 41. Qb3 Kh7 42. h5 c4 43. Qg3 Kg8 44. Qg6 Kf8 45. Qh7 Ke8 46. Qg8+ Rf8 47. Qe6+ Kd8 48. Bxh6 Re8 49. Bg5+ 1-0

[Event "HUN-chT2 Charousek 1011"]
[Site "Hungary"]
[Date "2010.09.26"]
[Round "2"]
[White "Joo, Gabor"]
[Black "Dombai, Istvan"]
[Result "1/2-1/2"]
[WhiteElo "2077"]
[BlackElo "2163"]
[PlyCount "60"]
[EventDate "2010.09.12"]
[EventType "team-tourn"]
[EventRounds "11"]
[EventCountry "HUN"]
[SourceTitle "EXT 2012"]
[Source "ChessBase"]
[SourceDate "2011.11.24"]
[SourceVersion "1"]
[SourceVersionDate "2011.11.24"]
[SourceQuality "1"]
[WhiteTeam "Haladas II"]
[BlackTeam "Tatai Honved"]
[WhiteTeamCountry "HUN"]
[BlackTeamCountry "HUN"]

1. e4 b6 2. d4 Bb7 3. Nc3 g6 4. Nf3 Bg7 5. Bc4 e6 6. Bg5 Ne7 7. 0-0 h6 8. Be3 d5 9. exd5 Nxd5 10. Nxd5 Bxd5 11. Bxd5 Qxd5 12. Qd3 0-0 13. Rfe1 Nc6 14. Qd2 Kh7 15. c3 Rad8 16. Qc2 Ne7 17. Bf4 c5 18. dxc5 Qxc5 19. Rad1 Nd5 20. Be3 Qc4 21. a3 a5 22. Bd4 b5 23. Bxg7 Kxg7 24. Rd4 Qc7 25. Qe4 Nf6 26. Qe2 Rb8 27. Red1 Nd5 28. Qe5+ Qxe5 29. Nxe5 Rfc8 30. g3 Rb7 1/2-1/2

[Event "HUN-chT2 Charousek 0910"]
[Site "Hungary"]
[Date "2010.03.21"]
[Round "8"]
[White "Dombai, Istvan"]
[Black "Tamas, Milan"]
[Result "1/2-1/2"]
[WhiteElo "2199"]
[BlackElo "2155"]
[PlyCount "73"]
[EventDate "2009.11.08"]
[EventType "team-tourn"]
[EventRounds "11"]
[EventCountry "HUN"]
[SourceTitle "EXT 2011"]
[Source "ChessBase"]
[SourceDate "2010.11.26"]
[SourceVersion "1"]
[SourceVersionDate "2010.11.26"]
[SourceQuality "1"]
[WhiteTeam "Tatai Honved"]
[BlackTeam "Haladas II"]
[WhiteTeamCountry "HUN"]
[BlackTeamCountry "HUN"]

1. d4 d5 2. Nf3 Nc6 3. Bf4 Bg4 4. e3 Nf6 5. h3 Bxf3 6. Qxf3 e6 7. c3 Bd6 8. Bg5 Be7 9. Nd2 a6 10. Bxf6 Bxf6 11. e4 Bg5 12. Rd1 Bxd2+ 13. Rxd2 dxe4 14. Qxe4 Qd5 15. Qxd5 exd5 16. Be2 0-0-0 17. Bf3 Rhe8+ 18. Re2 Rxe2+ 19. Kxe2 Ne7 20. Kd3 c6 21. g3 Kd7 22. Re1 Re8 23. Re5 g6 24. c4 dxc4+ 25. Kxc4 f6 26. Bg4+ f5 27. Bf3 b6 28. a4 a5 29. Bg2 Kd6 30. f4 Rc8 31. Bf3 Rf8 32. d5 cxd5+ 33. Bxd5 Rc8+ 34. Kd4 Nxd5 35. Rxd5+ Ke6 36. Rb5 Rc6 37. Re5+ 1/2-1/2